| 000 | 00869nam a2200253 u 4500 | ||
|---|---|---|---|
| 001 | 000025228 | ||
| 005 | 20200930023638.0 | ||
| 008 | 110211s1974 sp r 001 0 spa d | ||
| 020 | _a8429710272 | ||
| 040 |
_aDO-SdBNP _bspa _cBNPHU |
||
| 041 | 1 | 7 |
_aspa _hfre _2Código de idiomas MARC |
| 082 |
_ann* _bnn* |
||
| 100 | 1 |
_aBirnbaum, Norman. _951707 |
|
| 240 | 1 | 0 |
_aToward a critical sociology. _lEspañol |
| 245 | 1 | 0 |
_aHacia una sociología crítica / _cNorman Birnbaum ; traducción de Pablo di Masso. |
| 260 |
_aBarcelona : _bPenínsula, _c1974. |
||
| 300 |
_a396 p ; _c20 cm. |
||
| 490 | 1 |
_aHomo sociologicus. _v2 |
|
| 534 |
_aTítulo original : _tToward a critical sociology |
||
| 500 | _aIncluye referencias bibliográficas y notas al pie de las páginas. | ||
| 700 | 1 |
_aMasso, Pablo di, _etr. _951708 |
|
| 830 | 0 |
_aHomo sociologicus _v2 _951709 |
|
| 049 | _aBNGR | ||
| 999 |
_c24721 _d24721 |
||